[Event "7e Festival de Vaujany 2016 - principal"]
[Site "?"]
[Date "2016.07.23"]
[Round "8.1"]
[White "Drozdowski, Kacper"]
[Black "Van Foreest, Jorden"]
[Result "1/2-1/2"]
[WhiteElo "2490"]
[BlackElo "2584"]
[PlyCount "245"]

1. e4 c6 2. d4 d5 3. Nc3 dxe4 4. Nxe4 Bf5 5. Ng3 Bg6 6. Nh3 e6 7. Nf4 Qc7 8. h4
Bd6 9. Nxg6 hxg6 10. Ne4 Nf6 11. Ng5 c5 12. dxc5 Bxc5 13. c3 Nc6 14. Qa4 O-O-O
15. Be2 Rd5 16. Nh3 Nh5 17. Bg5 Qe5 18. Bf4 Nxf4 19. Qxf4 Rhd8 20. Qxe5 Nxe5
21. Ng5 Bb6 22. Rh3 R8d7 23. f4 Nd3+ 24. Bxd3 Rxd3 25. Rxd3 Rxd3 26. Nxf7 Rg3
27. Nd6+ Kb8 28. O-O-O Be3+ 29. Kb1 Bxf4 30. Ne8 a6 31. Nxg7 e5 32. Ne6 Rxg2
33. Rd8+ Ka7 34. Rg8 Be3 35. Nf8 Rg1+ 36. Kc2 Bh6 37. Nxg6 e4 38. Ne7 Rc1+ 39.
Kb3 e3 40. Re8 e2 41. Nc8+ Kb8 42. Nb6+ Ka7 43. Rxe2 Rh1 44. Re4 Rh2 45. Nc4
Bc1 46. Re1 Bf4 47. Re7 Kb8 48. Re8+ Ka7 49. a4 Rxh4 50. a5 Rh5 51. Rc8 Rd5 52.
Ka4 Bg5 53. Rg8 Bd8 54. b4 Bc7 55. Kb3 Rd8 56. Rg7 Kb8 57. Rh7 Re8 58. Nb2 Rd8
59. Na4 Bd6 60. Nb6 Rg8 61. Kc4 Rd8 62. Rf7 Rh8 63. Kd5 Bc7 64. Nd7+ Kc8 65.
Nc5 Rd8+ 66. Kc4 Re8 67. Rh7 Kb8 68. Kb3 Rg8 69. Ka4 Rg4 70. Rh8+ Ka7 71. Kb3
Rg7 72. Rc8 Be5 73. Na4 Bc7 74. Nc5 Be5 75. Re8 Bd6 76. Ne4 Bc7 77. Nf6 Rg5 78.
Rc8 Rf5 79. Nd7 Bd6 80. Nb6 Rf8 81. c4 Rf3+ 82. Ka4 Bb8 83. c5 Rf7 84. Rg8 Rh7
85. Rf8 Rg7 86. Rh8 Rf7 87. Kb3 Rf3+ 88. Kc2 Rf2+ 89. Kd3 Rh2 90. Rf8 Rh3+ 91.
Ke2 Rh2+ 92. Kf3 Rh3+ 93. Kg4 Rb3 94. Nd5 Rg3+ 95. Kh4 Rd3 96. Rf5 Bg3+ 97. Kh5
Be1 98. Nb6 Rd8 99. Nd5 Kb8 100. Kg4 Rxd5 101. Rxd5 Bxb4 102. Kf5 Kc7 103. Ke5
Bc3+ 104. Ke4 Bxa5 105. Rd6 b6 106. Kd5 bxc5 107. Rxa6 Bb4 108. Rc6+ Kd7 109.
Re6 Kc7 110. Re7+ Kb6 111. Rh7 Bd2 112. Rh2 Bb4 113. Rh8 Kb7 114. Rh7+ Kb6 115.
Rd7 Ba5 116. Rd6+ Kb5 117. Rc6 Bb4 118. Rc8 Kb6 119. Rb8+ Kc7 120. Rb5 Ba3 121.
Ra5 Bb4 122. Rxc5+ Bxc5 123. Kxc5 1/2-1/2

[Event "7e Festival de Vaujany 2016 - principal"]
[Site "Vaujany "]
[Date "2016.07.23"]
[Round "8.2"]
[White "Horvath, Jozsef"]
[Black "Brunner, Nicolas"]
[Result "1/2-1/2"]
[WhiteElo "2507"]
[BlackElo "2443"]
[PlyCount "67"]
[EventDate "2016.??.??"]
[WhiteTeam "Echiquier Orangeois"]
[BlackTeam "Vandoeuvre-Echecs"]

1. Nf3 d5 2. g3 Bg4 3. Bg2 c6 4. d3 Nf6 5. O-O Nbd7 6. h3 Bh5 7. Qe1 e5 8. e4
dxe4 9. dxe4 Bc5 10. Nbd2 O-O 11. a4 Re8 12. Nc4 b5 13. Na5 Qc7 14. Bd2 Bf8 15.
Nh4 Nc5 16. axb5 cxb5 17. Bg5 Nfd7 18. Be3 f6 19. c4 bxc4 20. Qc3 Nb6 21. Nxc4
Nca4 22. Bxb6 Nxb6 23. Rfc1 Qxc4 24. Qxc4+ Nxc4 25. Rxc4 Reb8 26. Rc2 Rb7 27.
Nf5 Rab8 28. Bf1 Bf7 29. Ne3 h5 30. Bc4 Bxc4 31. Rxc4 Rxb2 32. Rxa7 R2b7 33.
Rxb7 Rxb7 34. Kg2 1/2-1/2

[Event "7e Festival de Vaujany 2016 - principal"]
[Site "Vaujany "]
[Date "2016.07.23"]
[Round "8.3"]
[White "Chatalbashev, Boris"]
[Black "Skomorokhin, Roman"]
[Result "1-0"]
[WhiteElo "2545"]
[BlackElo "2396"]
[PlyCount "61"]
[EventDate "2016.??.??"]
[WhiteTeam "Tour Prends Garde! Besancon"]

1. c4 e5 2. g3 Nc6 3. Bg2 Bc5 4. Nc3 d6 5. e3 a6 6. Nge2 Ba7 7. O-O h5 8. h3 h4
9. g4 f5 10. gxf5 Bxf5 11. f4 Qd7 12. fxe5 dxe5 13. Kh2 Nge7 14. e4 Be6 15. Nd5
Ng6 16. d3 Nd8 17. Qd2 Nf7 18. Qa5 Rc8 19. Qa3 Rd8 20. Bd2 c6 21. Rf3 Nd6 22.
Ne3 Nxe4 23. dxe4 Qxd2 24. Rd1 Qxe2 25. Rxd8+ Kxd8 26. Qd6+ Bd7 27. Rf7 Nf8 28.
Nf5 Qe1 29. c5 Kc8 30. Re7 Bxc5 31. Re8+ 1-0

[Event "7e Festival de Vaujany 2016 - principal"]
[Site "Vaujany "]
[Date "2016.07.23"]
[Round "8.4"]
[White "Bauer, Christian"]
[Black "Viennot, Dylan"]
[Result "1-0"]
[WhiteElo "2621"]
[BlackElo "2331"]
[PlyCount "67"]
[EventDate "2016.??.??"]
[WhiteTeam "C.E. de  Bois-Colombes"]
[BlackTeam "Mulhouse Philidor"]

1. Nf3 d5 2. e3 Nf6 3. b3 Bg4 4. Bb2 Nbd7 5. h3 Bxf3 6. Qxf3 e6 7. g4 c6 8. Nc3
Nc5 9. d3 Qa5 10. a3 Qc7 11. g5 Ng8 12. h4 h6 13. Bh3 a5 14. d4 Nd7 15. e4 Ne7
16. O-O-O Nb6 17. a4 hxg5 18. hxg5 Ng6 19. Kb1 Bb4 20. Ne2 O-O-O 21. Bg4 Rxh1
22. Rxh1 Bd2 23. Rh7 Rg8 24. e5 Bxg5 25. Ba3 Bh6 26. Bd6 Qd7 27. Qc3 Nf8 28.
Qxa5 Qd8 29. Bh5 g6 30. Rxh6 gxh5 31. Qa7 Kd7 32. Qxb7+ Ke8 33. Bc7 Qg5 34.
Bxb6 1-0

[Event "7e Festival de Vaujany 2016 - principal"]
[Site "?"]
[Date "2016.07.23"]
[Round "8.5"]
[White "Favarel, Camille"]
[Black "Valles, Manuel"]
[Result "0-1"]
[WhiteElo "2256"]
[BlackElo "2397"]
[PlyCount "80"]

1. d4 d5 2. Bf4 c5 3. e3 Nf6 4. dxc5 Nc6 5. Bb5 a6 6. Bxc6+ bxc6 7. b4 Nd7 8.
Bg3 g6 9. a3 Bg7 10. Ra2 a5 11. c3 O-O 12. Ne2 e5 13. O-O Qe7 14. Re1 h5 15. h3
h4 16. Bh2 Nf6 17. Nd2 Rd8 18. Ra1 Bf5 19. Nb3 g5 20. f3 a4 21. Na5 Bd7 22.
Qxa4 Nh7 23. Qc2 f5 24. f4 g4 25. Kh1 Nf6 26. Rf1 Ne4 27. Nb7 Rf8 28. Nd6 g3
29. Bg1 Nxd6 30. cxd6 Qxd6 31. a4 e4 32. Nd4 Kh7 33. Rfb1 Rfb8 34. Qe2 Kg6 35.
Qe1 c5 36. Ne2 cxb4 37. Nxg3 hxg3 38. Qxg3+ Kf7 39. a5 bxc3 40. Rc1 Rb5 0-1

[Event "7e Festival de Vaujany 2016 - principal"]
[Site "Vaujany "]
[Date "2016.07.23"]
[Round "8.6"]
[White "Di Nicolantonio, Lucas"]
[Black "Le Corre, Benjamin"]
[Result "1-0"]
[WhiteElo "2393"]
[BlackElo "2323"]
[PlyCount "25"]
[EventDate "2016.??.??"]
[WhiteTeam "Cercle d'Echecs de l'Agglomération Annécienne"]
[BlackTeam "Vandoeuvre-Echecs"]

1. e4 e6 2. d4 d5 3. e5 c5 4. c3 Nc6 5. Nf3 Qb6 6. a3 f6 7. b4 c4 8. a4 fxe5 9.
dxe5 Qc7 10. Bf4 Nge7 11. Nbd2 Ng6 12. Bg3 Ncxe5 13. Nxe5 {abandon (car sur
Cxe5 suit 14 Dh5+ g6 15 Dxe5 et sur 13... Fd6 suit 14 Cxg6)} 1-0

[Event "7e Festival de Vaujany 2016 - principal"]
[Site "?"]
[Date "2016.07.23"]
[Round "8.7"]
[White "Chalmeta Ugas, Ramon"]
[Black "Joie, Sebastien"]
[Result "0-1"]
[WhiteElo "2249"]
[BlackElo "2387"]
[PlyCount "112"]

1. e4 e5 2. Nf3 Nc6 3. d4 exd4 4. Nxd4 Nf6 5. Nxc6 bxc6 6. Bd3 d5 7. e5 Nd7 8.
O-O Be7 9. f4 O-O 10. Nd2 f5 11. Nb3 Nb6 12. a4 Be6 13. Nd4 Bc5 14. c3 Qe7 15.
a5 Nd7 16. b3 Rfb8 17. Ra4 Qf7 18. b4 Bxd4+ 19. cxd4 Nf8 20. Bd2 Bd7 21. Ra1 c5
22. dxc5 Bb5 23. Bxb5 Rxb5 24. c6 d4 25. Qc2 g6 26. Rac1 Rd8 27. Qc4 a6 28.
Qxf7+ Kxf7 29. Kf2 Ne6 30. Rc4 Rbd5 31. Rd1 h6 32. h3 g5 33. g3 Kg6 34. Kf3 Rg8
35. Be3 Rgd8 36. Bf2 Kf7 37. Rd3 h5 38. h4 gxh4 39. gxh4 Rg8 40. Bg3 Rg4 41.
Rc1 Rd8 42. b5 axb5 43. Rb1 Nc5 44. Rdd1 Ne4 45. Be1 d3 46. Rb3 d2 47. Bf2 b4
48. Rb2 Rd3+ 49. Ke2 Rd5 50. Kf3 Rxa5 51. Bd4 Ra3+ 52. Ke2 Rxh4 53. Rxb4 Rh2+
54. Kf1 Rh1+ 55. Ke2 Rxd1 56. Kxd1 Rf3 0-1

[Event "7e Festival de Vaujany 2016 - principal"]
[Site "?"]
[Date "2016.07.23"]
[Round "8.8"]
[White "Gaborit, Jean-Pierre"]
[Black "Midoux, Sebastien"]
[Result "1-0"]
[WhiteElo "2182"]
[BlackElo "2343"]
[PlyCount "53"]

1. d4 d5 2. Nf3 Bf5 3. g3 Nc6 4. Bg2 Qd7 5. c4 e6 6. O-O Nf6 7. Bf4 Bd6 8. Nc3
Bxf4 9. gxf4 dxc4 10. Ne5 Nxe5 11. fxe5 Nd5 12. e4 Nxc3 13. bxc3 Bg6 14. Qe2 f6
15. exf6 gxf6 16. Qxc4 Rg8 17. Kh1 O-O-O 18. f4 e5 19. f5 Bh5 20. d5 Rg7 21.
Qd3 Rdg8 22. Bf3 Bxf3+ 23. Rxf3 Qd6 24. Rg3 Qb6 25. Rf1 h5 26. Rfg1 Qxg1+ 27.
Kxg1 1-0

[Event "7e Festival de Vaujany 2016 - principal"]
[Site "Vaujany "]
[Date "2016.07.23"]
[Round "8.9"]
[White "Degardin, Sylvain"]
[Black "Mihok, Oliver"]
[Result "0-1"]
[WhiteElo "2101"]
[BlackElo "2509"]
[PlyCount "76"]
[EventDate "2016.??.??"]
[WhiteTeam "C.E. Strasbourg"]

1. e4 g6 2. d4 Bg7 3. Nc3 d6 4. Be3 a6 5. Qd2 b5 6. O-O-O Bb7 7. f3 Nd7 8. h4
h5 9. Nh3 c5 10. dxc5 Nxc5 11. Ng5 Rc8 12. Kb1 Qa5 13. Bd4 Nf6 14. g3 b4 15.
Ne2 O-O 16. a3 Ncxe4 17. Qxb4 Qxb4 18. axb4 Nxg5 19. hxg5 Nh7 20. Bxg7 Kxg7 21.
Rd3 Nxg5 22. Ng1 f5 23. Rh4 Rf6 24. Kc1 Re6 25. Kd2 Nf7 26. Ra3 Ne5 27. Rd4 g5
28. f4 gxf4 29. Rxf4 Rg6 30. Be2 Be4 31. Bd3 Nc4+ 32. Bxc4 Rxc4 33. c3 Rxg3 34.
Ne2 Rd3+ 35. Ke1 e5 36. Rh4 Re3 37. Kf2 Rf3+ 38. Ke1 Bd3 0-1

[Event "7e Festival de Vaujany 2016 - principal"]
[Site "?"]
[Date "2016.07.23"]
[Round "8.10"]
[White "Meunier, Clement"]
[Black "Juhasz, Barbara"]
[Result "1-0"]
[WhiteElo "2338"]
[BlackElo "2179"]
[PlyCount "149"]

1. d4 g6 2. h4 h5 3. e4 Bg7 4. Be3 d6 5. c3 c6 6. Nd2 Qc7 7. a4 Nf6 8. f3 O-O
9. Qb3 e5 10. dxe5 dxe5 11. Bc4 b6 12. Nh3 Bxh3 13. Rxh3 Nbd7 14. Rh1 Rad8 15.
Rd1 a5 16. Kf2 Nc5 17. Qc2 Nb7 18. Be2 Nd7 19. Nc4 b5 20. axb5 cxb5 21. Na3 b4
22. Nb5 Qc6 23. Qb3 Ndc5 24. Qc4 bxc3 25. Nxc3 Rc8 26. Nd5 Rfe8 27. Qb5 Qe6 28.
Nc3 Qb3 29. Qxb3 Nxb3 30. Bb5 Red8 31. Ba6 Rb8 32. Bxb7 Rxd1 33. Rxd1 Rxb7 34.
Rd8+ Kh7 35. Rd5 f6 36. Ke2 Bh6 37. Bxh6 Kxh6 38. Kd1 Kg7 39. Nb5 a4 40. Nc3
Ra7 41. Kc2 Nd4+ 42. Kd3 Kf7 43. Kc4 Ke7 44. Nb5 Nxb5 45. Rxb5 a3 46. bxa3 Rxa3
47. Rb7+ Kf8 48. Kd5 Ra5+ 49. Kd6 Ra6+ 50. Kd7 Kf7 51. Rc7 Rb6 52. Ra7 Rb2 53.
Kd6+ Kf8 54. Rd7 Rb6+ 55. Kd5 Rb2 56. Ke6 Rxg2 57. Kxf6 Ke8 58. Re7+ Kf8 59.
Rxe5 Rg3 60. f4 Rg4 61. f5 gxf5 62. exf5 Rxh4 63. Ra5 Ke8 64. Ra8+ Kd7 65. Kf7
Rg4 66. Rh8 h4 67. f6 Ra4 68. Rh6 Rg4 69. Kf8 Ra4 70. f7 Rg4 71. Rh5 Kd6 72.
Ke8 Re4+ 73. Kd8 Rf4 74. Rh6+ Ke5 75. Ke7 1-0

[Event "7e Festival de Vaujany 2016 - principal"]
[Site "?"]
[Date "2016.07.23"]
[Round "8.11"]
[White "Houard, Sebastien"]
[Black "Rooze, Jan"]
[Result "1-0"]
[WhiteElo "2133"]
[BlackElo "2322"]
[PlyCount "109"]

1. e4 c5 2. Nc3 e6 3. Bc4 Nf6 4. d3 d5 5. exd5 exd5 6. Bb3 Be7 7. Qf3 Bg4 8.
Qg3 Be6 9. Nge2 O-O 10. Bh6 Ng4 11. Bf4 Bh4 12. Qf3 Bxf2+ 13. Kf1 Bd4 14. Nxd4
cxd4 15. Nxd5 Nc6 16. Re1 Rc8 17. h3 Bxd5 18. Qxd5 Qf6 19. hxg4 Qxf4+ 20. Qf3
Qxf3+ 21. gxf3 Rfe8 22. Rh2 Rxe1+ 23. Kxe1 Ne5 24. Kf2 Re8 25. Kg3 Ng6 26. Rh5
Ne5 27. Rf5 Re7 28. Rf4 Nc6 29. Bd5 g5 30. Rf5 Re5 31. Rxe5 Nxe5 32. Bxb7 Ng6
33. c4 dxc3 34. bxc3 Nf4 35. Kf2 Nxd3+ 36. Ke3 Nc5 37. Bd5 Nd7 38. Kd4 Kf8 39.
c4 f6 40. Be4 h6 41. Kd5 Nb6+ 42. Kc5 Ke7 43. Kb5 Kd8 44. Bf5 Kc7 45. a4 a6+
46. Kb4 Kb8 47. a5 Na8 48. Kc5 Nc7 49. Kb6 Ne8 50. Kxa6 Kc7 51. Be4 Nd6 52. Bd5
Nc8 53. Kb5 Kd6 54. Bb7 Ne7 55. Kb6 1-0

[Event "7e Festival de Vaujany 2016 - principal"]
[Site "?"]
[Date "2016.07.23"]
[Round "8.12"]
[White "Bluhm, Sonja Maria"]
[Black "Mihok, Laszlo"]
[Result "1-0"]
[WhiteElo "2229"]
[BlackElo "2096"]
[PlyCount "163"]

1. e4 e5 2. Bc4 Nf6 3. d3 c6 4. Nf3 d5 5. Bb3 a5 6. a4 Bd6 7. exd5 Nxd5 8. O-O
O-O 9. Re1 Re8 10. Nbd2 Bc7 11. Ne4 Nd7 12. h3 Nf8 13. Bg5 f6 14. Be3 Ne6 15.
Ng3 Nxe3 16. fxe3 g6 17. e4 Bb6+ 18. Kh2 Kg7 19. Bxe6 Bxe6 20. Qe2 Qd6 21. Rf1
Rad8 22. Kh1 Qb4 23. b3 Qe7 24. Nh2 Bd4 25. Rad1 Rf8 26. Qf3 b5 27. axb5 cxb5
28. Ne2 Bb6 29. Ng4 a4 30. bxa4 bxa4 31. Ra1 a3 32. Rfb1 Bc5 33. c4 h5 34. Ne3
Rb8 35. Nc3 Rxb1+ 36. Rxb1 Qa7 37. Nc2 Qa5 38. Nb5 a2 39. Ra1 Qa4 40. Qd1 Rd8
41. Qe2 Qb3 42. Ne1 Rb8 43. Nc7 Bd7 44. Rxa2 Qb1 45. Na6 Bb4 46. Nxb8 Bxe1 47.
Qb2 Qxd3 48. Qe2 Qb1 49. Rb2 Qa1 50. Qc2 Ba4 51. Qb1 Qxb1 52. Rxb1 Bf2 53. Rb7+
Kh6 54. Nd7 Bc6 55. Rc7 Bxe4 56. Nxf6 Bd3 57. g4 Kg5 58. gxh5 gxh5 59. Kg2 Bb6
60. Nh7+ Kf4 61. Rf7+ Ke3 62. Rf6 Bd4 63. Ng5 Bxc4 64. Rf3+ Ke2 65. Kg3 Bd5 66.
Rf8 e4 67. Rd8 Bf2+ 68. Kf4 Be3+ 69. Kf5 Bb3 70. Nxe4 Bc2 71. Ke5 Kf3 72. Rf8+
Kg2 73. Rh8 Bd1 74. Rg8+ Kh2 75. Rg3 Ba7 76. Rd3 Bb8+ 77. Kf5 Ba4 78. Kg5 Bc6
79. Nd2 Ba7 80. Kxh5 Bg2 81. h4 Bc5 82. Kg4 1-0

[Event "7e Festival de Vaujany 2016 - principal"]
[Site "?"]
[Date "2016.07.23"]
[Round "8.13"]
[White "Bianchi, Tobias"]
[Black "Gatineau, Yovann"]
[Result "1-0"]
[WhiteElo "2016"]
[BlackElo "2206"]
[PlyCount "105"]

1. d4 Nf6 2. c4 g6 3. Nc3 d5 4. cxd5 Nxd5 5. e4 Nxc3 6. bxc3 Bg7 7. Bc4 c5 8.
Ne2 Nc6 9. Be3 O-O 10. Rc1 b6 11. h4 e5 12. dxc5 Qc7 13. h5 Na5 14. Bd5 Bb7 15.
hxg6 hxg6 16. c4 bxc5 17. Qd2 Bxd5 18. cxd5 Nb7 19. Rc3 Rac8 20. Bh6 f6 21.
Rch3 Rf7 22. Nc3 Nd6 23. Qe3 Bxh6 24. Rxh6 Rg7 25. Qg3 Kf7 26. Rxg6 Rcg8 27.
Rxg7+ Rxg7 28. Qh3 Qe7 29. Qh5+ Kf8 30. Qh8+ Rg8 31. Qh6+ Ke8 32. Qh3 c4 33.
Ke2 Kf7 34. Qh5+ Kf8 35. Rb1 Kg7 36. Qg4+ Kf7 37. Qh5+ Kg7 38. Rh1 Kf8 39. Qh6+
Kf7 40. Qh7+ Rg7 41. Qh5+ Kf8 42. Qf3 Ne8 43. g3 Qd7 44. Rb1 Qd8 45. Qf5 Qa5
46. Rb8 Qa6 47. a4 Qd6 48. Qc8 Re7 49. Nb5 Qb4 50. d6 Qb2+ 51. Kf3 Qb3+ 52. Kg2
Qxg3+ 53. fxg3 1-0

[Event "7e Festival de Vaujany 2016 - principal"]
[Site "?"]
[Date "2016.07.23"]
[Round "8.14"]
[White "Bandet, Raphael"]
[Black "Suez-Panama, Gilles"]
[Result "1-0"]
[WhiteElo "2156"]
[BlackElo "2017"]
[PlyCount "57"]

1. e4 e6 2. d4 d5 3. Nd2 Nf6 4. e5 Nfd7 5. Bd3 c5 6. c3 Nc6 7. Ngf3 Qb6 8. O-O
cxd4 9. cxd4 Nxd4 10. Nxd4 Qxd4 11. Nf3 Qb6 12. Qa4 Qb4 13. Qc2 Nc5 14. Bd2 Qa4
15. b3 Qd7 16. Nd4 Nxd3 17. Qxd3 b6 18. Rfc1 Bb7 19. Nb5 Bc6 20. Rxc6 Qxc6 21.
Rc1 Bc5 22. Nd6+ Ke7 23. b4 f6 24. bxc5 bxc5 25. f4 a5 26. Qg3 Rhg8 27. Rb1 Ra7
28. Qh4 h6 29. Qh5 1-0

[Event "7e Festival de Vaujany 2016 - principal"]
[Site "?"]
[Date "2016.07.23"]
[Round "8.15"]
[White "Teychene, Jean-Louis"]
[Black "Nastro, Federico"]
[Result "1/2-1/2"]
[WhiteElo "1853"]
[BlackElo "2071"]
[PlyCount "87"]

1. d4 Nf6 2. c4 c5 3. Nf3 cxd4 4. Nxd4 e5 5. Nb5 d5 6. cxd5 Bc5 7. N5c3 O-O 8.
e3 e4 9. Be2 Nbd7 10. Nd2 Qe7 11. Qc2 Re8 12. Nc4 a6 13. a3 b5 14. Na5 Qd6 15.
b4 Bb6 16. Nb3 Bb7 17. Bb2 Rac8 18. Qd2 Nxd5 19. Nxd5 Qxd5 20. Qxd5 Bxd5 21.
Nd4 Bc4 22. Bxc4 bxc4 23. Kd2 g6 24. Ne2 f5 25. Kc2 Red8 26. Rhd1 Nf8 27. Rxd8
Bxd8 28. Rd1 Be7 29. Bc3 Kf7 30. Nf4 Ne6 31. Nd5 Bd8 32. g3 g5 33. a4 Rb8 34.
Be5 Rc8 35. Kc3 g4 36. Nf4 Nxf4 37. gxf4 Bh4 38. Rd2 Ke6 39. Bd4 Bd8 40. Ra2
Be7 41. Rd2 Bd8 42. Be5 Bh4 43. Ra2 Be7 44. Bd4 1/2-1/2

[Event "7e Festival de Vaujany 2016 - principal"]
[Site "?"]
[Date "2016.07.23"]
[Round "8.16"]
[White "Dudugnon, Thibault"]
[Black "Schmitt, Gregory"]
[Result "1-0"]
[WhiteElo "2158"]
[BlackElo "1987"]
[PlyCount "71"]

1. e4 b6 2. d4 Bb7 3. Bd3 Nf6 4. Qe2 e6 5. Nf3 d5 6. e5 Ne4 7. Nbd2 Nxd2 8.
Bxd2 c5 9. c3 Be7 10. a3 h6 11. O-O Qc8 12. b4 Ba6 13. b5 c4 14. Bxc4 dxc4 15.
bxa6 Qc6 16. d5 Qxd5 17. Rfd1 Qc6 18. Nd4 Qc8 19. Qg4 g6 20. Qf3 Nd7 21. Nb5
O-O 22. Bxh6 Nxe5 23. Qe4 Nd3 24. Bxf8 Bxf8 25. a4 Rb8 26. Ra2 f5 27. Qf3 Qd7
28. Qg3 Rd8 29. Qxg6+ Bg7 30. Re2 e5 31. Rxe5 Nxe5 32. Rxd7 Rxd7 33. Qe6+ Kh8
34. Qe8+ Kh7 35. Qh5+ Kg8 36. f4 1-0

[Event "7e Festival de Vaujany 2016 - principal"]
[Site "?"]
[Date "2016.07.23"]
[Round "8.17"]
[White "Drozdowski, Konrad"]
[Black "Cordara, Michele"]
[Result "1-0"]
[WhiteElo "2088"]
[BlackElo "1974"]
[PlyCount "69"]

1. e4 c5 2. Nf3 d6 3. d4 cxd4 4. Nxd4 Nf6 5. Nc3 a6 6. f4 Qc7 7. Bd3 g6 8. O-O
Bg7 9. Kh1 Nc6 10. Nf3 O-O 11. Bd2 Bg4 12. Be3 e5 13. h3 exf4 14. Bxf4 Bxf3 15.
Qxf3 Ne5 16. Bxe5 dxe5 17. Qe3 Rac8 18. Rf3 Qc5 19. Qxc5 Rxc5 20. Raf1 Rc6 21.
g4 h6 22. Kg2 Rd8 23. Kg3 Rd7 24. a4 Rd4 25. Ra1 Rb4 26. Ra2 Rxc3 27. bxc3 Rb1
28. Ra3 h5 29. Rb3 Rc1 30. Rxb7 hxg4 31. hxg4 Rg1+ 32. Kh3 Rh1+ 33. Kg2 Rh4 34.
Rb8+ Kh7 35. Rh3 1-0

[Event "7e Festival de Vaujany 2016 - principal"]
[Site "?"]
[Date "2016.07.23"]
[Round "8.18"]
[White "Soyer, Jean-Yves"]
[Black "Mathieu, Olivier"]
[Result "1-0"]
[WhiteElo "2073"]
[BlackElo "1969"]
[PlyCount "103"]

1. Nf3 Nf6 2. c4 e6 3. g3 b6 4. Bg2 Bb7 5. O-O Be7 6. Nc3 c5 7. Re1 d5 8. cxd5
Nxd5 9. Nxd5 exd5 10. d4 O-O 11. Bf4 Nd7 12. dxc5 Nxc5 13. Be5 Ne4 14. Bd4 Re8
15. a3 Bd6 16. Qb3 Qe7 17. e3 Rad8 18. Red1 Ba6 19. Rdc1 Bc8 20. Qd1 Bg4 21.
Qe1 Nc5 22. Rc3 Ne6 23. Qd2 Nc5 24. Qe1 Qd7 25. Rac1 Bf5 26. Rd1 Be4 27. b4 Na4
28. Rcc1 b5 29. Bc5 Rc8 30. Bxd6 Qxd6 31. Nd4 Bxg2 32. Kxg2 a6 33. Nb3 Nb6 34.
Rc5 Qe6 35. Qe2 Qe4+ 36. Qf3 Nc4 37. Qxe4 dxe4 38. Rxc8 Rxc8 39. Nc5 Nxa3 40.
Nxa6 g6 41. g4 Kf8 42. Kg3 Rc6 43. Nc5 f5 44. gxf5 gxf5 45. Rd5 Nc2 46. Rxf5+
Kg7 47. Nxe4 Nxb4 48. Rg5+ Kh6 49. Rxb5 Nd3 50. Rd5 Rg6+ 51. Kf3 Nb4 52. Rd6
1-0

[Event "7e Festival de Vaujany 2016 - principal"]
[Site "?"]
[Date "2016.07.23"]
[Round "8.22"]
[White "Marin Benito, Carla"]
[Black "Georges, Thomas"]
[Result "0-1"]
[WhiteElo "1904"]
[BlackElo "1980"]
[PlyCount "56"]

1. e4 c5 2. Nc3 Nc6 3. g3 g6 4. Bg2 Bg7 5. d3 d6 6. Be3 Nf6 7. Nge2 Rb8 8. h3
b5 9. Qd2 b4 10. Nd1 Ba6 11. O-O O-O 12. f4 Nd7 13. g4 Nd4 14. f5 Nxe2+ 15.
Qxe2 Qc8 16. g5 c4 17. Rc1 cxd3 18. cxd3 Qd8 19. fxg6 hxg6 20. Bxa7 Rc8 21. Be3
Rxc1 22. Bxc1 Nc5 23. Nf2 Qa5 24. b3 Ne6 25. h4 Nd4 26. Qd2 Rc8 27. Ng4 Rc2 28.
Qf4 Ne2+ 0-1

[Event "7e Festival de Vaujany 2016 - principal"]
[Site "?"]
[Date "2016.07.23"]
[Round "8.23"]
[White "Skomorokhina, Ekaterina"]
[Black "Geher, Laszlo"]
[Result "1-0"]
[WhiteElo "1919"]
[BlackElo "1916"]
[PlyCount "111"]

1. d4 Nf6 2. Bf4 g6 3. Nf3 Bg7 4. e3 d5 5. Be2 O-O 6. c3 b6 7. Nbd2 Bb7 8. O-O
c5 9. b4 c4 10. a4 Nc6 11. Qb1 Nd7 12. Bg3 Re8 13. e4 e6 14. a5 b5 15. Bh4 Bf6
16. Bxf6 Nxf6 17. e5 Nd7 18. Ne1 a6 19. f4 f5 20. Nef3 Re7 21. Qe1 Rg7 22. Ng5
Nf8 23. Qh4 Ra7 24. Qh6 Qe8 25. h4 Nd8 26. Ndf3 Bc8 27. Kf2 Rae7 28. Rh1 Nf7
29. Nxf7 Rexf7 30. Ng5 Re7 31. Rh2 Qd8 32. Rah1 Qc7 33. h5 Qa7 34. hxg6 Rxg6
35. Qh4 Rgg7 36. Qh6 Bd7 37. Qh3 Be8 38. g4 Bg6 39. gxf5 Bxf5 40. Bg4 Bxg4 41.
Qxg4 Qd7 42. Rh6 Qe8 43. f5 exf5 44. Qxf5 Rg6 45. Rxg6+ hxg6 46. Qf6 Nh7 47.
Rxh7 Rxh7 48. Nxh7 Kxh7 49. Kg3 Qd7 50. e6 Qd6+ 51. Kg2 g5 52. Qf7+ Kh6 53. e7
Qd7 54. e8=Q Qg4+ 55. Kf2 Qh4+ 56. Ke2 1-0

[Event "7e Festival de Vaujany 2016 - principal"]
[Site "?"]
[Date "2016.07.23"]
[Round "8.25"]
[White "Geher, Koppany"]
[Black "Van Foreest, Machteld"]
[Result "1-0"]
[WhiteElo "1931"]
[BlackElo "1708"]
[PlyCount "79"]

1. e4 e5 2. Nf3 Nc6 3. Bb5 a6 4. Ba4 Nf6 5. d3 d6 6. c3 Be7 7. O-O O-O 8. h3 b5
9. Bc2 d5 10. Nbd2 Re8 11. Qe2 dxe4 12. dxe4 Be6 13. Ng5 Bd7 14. Bb3 Rf8 15.
Rd1 h6 16. Ngf3 Na5 17. Bc2 Nc6 18. Bb3 Bd6 19. a4 bxa4 20. Bxa4 Qe7 21. Nc4
Rfd8 22. b4 Nb8 23. Bxd7 Nbxd7 24. Nfd2 Nf8 25. Nb3 Ne6 26. Nba5 Qe8 27. Nb7
Rd7 28. Nbxd6 cxd6 29. Nb6 Rc7 30. Nxa8 Qxa8 31. Rxa6 Qxe4 32. Qxe4 Nxe4 33.
Bb2 Nxc3 34. Bxc3 Rxc3 35. Raxd6 Nd4 36. Rb1 Kf8 37. b5 Ke7 38. Ra6 Kd7 39.
Ra7+ Rc7 40. b6 1-0

[Event "7e Festival de Vaujany 2016 - principal"]
[Site "?"]
[Date "2016.07.23"]
[Round "8.26"]
[White "Cavatorta, Fosco"]
[Black "Anton, Jose"]
[Result "1-0"]
[WhiteElo "1880"]
[BlackElo "1850"]
[PlyCount "53"]

1. d4 Nf6 2. Nf3 d6 3. Nbd2 Bf5 4. b3 h6 5. Bb2 Nbd7 6. g3 c6 7. Bg2 d5 8. O-O
e6 9. Re1 Bd6 10. Ne5 Qc7 11. f4 g5 12. e3 Nf8 13. c4 O-O-O 14. cxd5 exd5 15.
Rc1 Bb4 16. a3 Bxd2 17. Qxd2 Ne4 18. Qe2 f6 19. Nd3 Ne6 20. g4 Bh7 21. f5 Ng7
22. Bxe4 dxe4 23. Nc5 Rhe8 24. b4 h5 25. b5 hxg4 26. bxc6 b6 27. Nd7 1-0

[Event "7e Festival de Vaujany 2016 - principal"]
[Site "?"]
[Date "2016.07.24"]
[Round "9.1"]
[White "Van Foreest, Jorden"]
[Black "Bauer, Christian"]
[Result "1-0"]
[WhiteElo "2584"]
[BlackElo "2621"]
[PlyCount "105"]

1. e4 e6 2. d4 d5 3. Nc3 Nf6 4. Bg5 Be7 5. e5 Nfd7 6. Bxe7 Qxe7 7. f4 a6 8. Nf3
c5 9. Qd2 Nc6 10. dxc5 Nxc5 11. Bd3 O-O 12. O-O f6 13. Ne2 Nxd3 14. Qxd3 Bd7
15. Ned4 fxe5 16. Nxe5 Nxe5 17. fxe5 Qb4 18. Rfb1 Rf4 19. c3 Qc5 20. Qd2 Raf8
21. Re1 h6 22. a3 Bb5 23. h3 Qe7 24. Re3 Qf7 25. Rf3 Rxf3 26. Nxf3 Qf4 27. Qxf4
Rxf4 28. Re1 Bd3 29. Nd4 Kf7 30. g3 Re4 31. Rxe4 Bxe4 32. Kf2 g5 33. Ke3 Bg2
34. h4 Bf1 35. a4 b6 36. b3 a5 37. Nc6 Ke8 38. hxg5 hxg5 39. b4 Kd7 40. Nd4 Bc4
41. bxa5 bxa5 42. Kf3 Ba6 43. Kg4 Bc8 44. Nb3 Kc6 45. Nxa5+ Kc5 46. Kxg5 Bd7
47. Kf6 Bxa4 48. g4 Kb6 49. g5 Kxa5 50. g6 Bc2 51. g7 Bh7 52. Kxe6 Kb5 53. Kd6
1-0

[Event "7e Festival de Vaujany 2016 - principal"]
[Site "?"]
[Date "2016.07.24"]
[Round "9.2"]
[White "Horvath, Jozsef"]
[Black "Chatalbashev, Boris"]
[Result "1/2-1/2"]
[WhiteElo "2507"]
[BlackElo "2545"]
[PlyCount "65"]

1. c4 c6 2. d4 d5 3. Nc3 Nf6 4. cxd5 cxd5 5. Bf4 Nc6 6. e3 Bf5 7. Nf3 e6 8. Bd3
Bxd3 9. Qxd3 Bd6 10. Bxd6 Qxd6 11. O-O O-O 12. h3 Rfc8 13. Rfc1 Ne7 14. Ne2 h6
15. Rxc8+ Rxc8 16. Rc1 Rxc1+ 17. Nxc1 Nd7 18. Ne2 Qc7 19. Qc3 Qxc3 20. Nxc3 a6
21. Kf1 Nc6 22. Ke2 Kf8 23. a3 h5 24. h4 g6 25. g3 Ke7 26. Nd2 f6 27. b4 b5 28.
Nb3 Nb6 29. Nc5 Nc4 30. Nxa6 Nxa3 31. Nc7 Nxb4 32. N7xb5 Nxb5 33. Nxb5 1/2-1/2

[Event "7e Festival de Vaujany 2016 - principal"]
[Site "?"]
[Date "2016.07.24"]
[Round "9.3"]
[White "Brunner, Nicolas"]
[Black "Drozdowski, Kacper"]
[Result "1/2-1/2"]
[WhiteElo "2443"]
[BlackElo "2490"]
[PlyCount "61"]

1. d4 d6 2. Nf3 g6 3. c4 Bg7 4. Nc3 Bg4 5. e3 c5 6. Be2 cxd4 7. exd4 Nc6 8. d5
Bxf3 9. Bxf3 Ne5 10. Be2 a6 11. Bd2 Rc8 12. b3 Nf6 13. O-O O-O 14. a4 a5 15.
Rc1 Ned7 16. Be3 Nc5 17. Bd4 Ne8 18. Nb5 Nc7 19. Bxg7 Kxg7 20. Nd4 e5 21. dxe6
fxe6 22. Bg4 Qf6 23. Rc3 Rce8 24. Re3 e5 25. Ne2 N7a6 26. Nc3 Nb4 27. Nd5 Nxd5
28. Qxd5 Rd8 29. g3 Qg5 30. Bh3 Rf6 31. Bg2 1/2-1/2